Statistics for European Countries by Number of International Tourists in 2019

Click here to take the quiz!

General Stats

  • This quiz has been taken 48 times
  • The average score is 13 of 49

Answer Stats

Number of International TouristsCountry% Correct
217,877,000France
100%
95,399,000Italy
95%
126,170,000Spain
95%
88,515,000Poland
53%
40,857,000United Kingdom
53%
39,563,000Germany
47%
34,005,000Greece
42%
16,186,000Portugal
42%
61,397,000Hungary
39%
24,419,000Russia
39%
60,021,000Croatia
37%
20,129,000Netherlands
37%
31,884,000Austria
34%
9,343,000Belgium
32%
37,202,000Czechia
32%
51,747,000Turkey
29%
7,616,000Sweden
24%
3,290,000Finland
21%
10,951,000Ireland
21%
5,879,000Norway
21%
12,815,000Romania
21%
1,847,000Serbia
21%
11,818,000Switzerland
21%
13,717,000Ukraine
21%
33,093,000Denmark
18%
98,100Liechtenstein
18%
174,000Moldova
18%
2,510,000Montenegro
18%
15,299,000*Slovakia
18%
4,702,000Slovenia
18%
1,198,000Bosnia and Herzegovina
16%
12,552,000Bulgaria
16%
8,342,000Latvia
16%
6,160,000Lithuania
16%
1,041,000Luxembourg
16%
3,519,000Malta
16%
363,000Monaco
16%
758,000North Macedonia
16%
6,406,000Albania
13%
6,103,000Estonia
13%
2,202,000Iceland
13%
8,235,000Andorra
11%
4,117,000Cyprus
11%
1,904,000San Marino
11%
1,894,000Armenia
8%
11,832,000Belarus
8%
3,170,000Azerbaijan
5%
7,726,000Georgia
5%
8,515,000Kazakhstan
5%

Score Distribution

Percentile by Number Answered

Percent of People with Each Score

Your Score History

You have not taken this quiz